000 00815nam a2200265Ia 4500
001 Z_1978
003 CHAP
008 220113s1998 xx 000 0 und d
010 _a165051
040 _cCHAP
090 _aTesis L 1287
100 _aLuna Rodríguez, Lorena
_969107
245 _aCaracterización técnico financiera de las explotaciones ganaderas en la región Costa de Chiapas /
_cpor Lorena Luna Rodríguez
260 _aChapingo, Méx. :
_bEl autor,
_c1998
300 _a51 h. : gráfs. ; anexos
502 _aTesis (Ing. Agr. Esp. en Zootecnia) -- UACH. Departamento de Zootecnia
650 _aGanadería
_xAspectos económicos
_944616
650 _aGanadería
_xChiapas
_944668
901 _aTESIS L 1287
902 _aM
910 _a1998
942 _c2
942 _c2
999 _c165051
_d165051